00299nam a2200109Ia 4500008004100000041000800041082001200049100002300061245004800084260003800132300001900170241028s9999 xx 000 0 und d aeng a823 NAR aNarayanan, Sharada aTirumurai Glimpses in to Tamil Saiva Poetry bAmbika AksharavaliaChennaic2021 a358;. P. 24 cm